Nouveau dictionnaire historique, ou histoire abrégée de tous les homme qui se sont fait un nom par des talen...

Detalles Bibliográficos
Formato: Libro
Publicado: Caen/Lyon 1789
Edición:7a. ed.
Materias:
Colección:Banco de datos
Acervo:Biblioteca Nacional de Antropología e Historia. Fondo Conventual
Descripción Física:t. V
Tema general:Diccionarios
Notas:Buena. XIV, 8, 3. Comprende las letras: JEU-MAR. Presenta un ex libris no identificado.
LEADER 00782nam a22002050004500
035 |a 6709 
036 |a 1314 
245 1 0 |a Nouveau dictionnaire historique, ou histoire abrégée de tous les homme qui se sont fait un nom par des talen... 
250 |a 7a. ed. 
260 |a Caen/Lyon  |b Bruyset - G. Leroy  |c 1789 
300 |a t. V 
500 |a Buena. XIV, 8, 3. Comprende las letras: JEU-MAR. Presenta un ex libris no identificado. 
650 1 0 |a Diccionarios 
949 |a B.N.A.H. 
959 |a Biblioteca Nacional de Antropología e Historia. Ciudad de México  |b CCC1 
960 |a Seminario de Morelia  |b DD56 
961 |a Casa de formación del Clero Secular  |b CS 
942 |c B.N.A.H. 
943 |g Biblioteca Nacional de Antropología e Historia. Fondo Conventual 
999 |c 1031241  |d 1031241